Dramatický boj so šťastným koncom pre Matej Bardejov 2. kolo extraligy v silovom trojboji, 11.11.2006 Hurbanovo

Bibliographic Details
Main Author: Kovalčík, Pavol (Author)
Format: Article
Language:Slovak
PhysicalDescription:Fotogr.
ISSN:1336-6068
Subjects:

MARC

LEADER 00000nab a2200000 ar4500
001 vtls008934491
003 SK-MaSNL
005 20260303070610.0
008 070111c2006 xo wr|p|||||||000 b|slo
015 |a SNBRB2007/01  |2 snkbucl 
038 |a SNKBUCL 
040 |a SNKBUCL  |b slo  |c SNKBUCL  |e AACR2 
041 0 |a slo 
044 |a xo  |c SK 
080 |a 796.88.093.1  |2 UDC-MRF-SK2 
100 1 |a Kovalčík, Pavol  |4 aut  |9 876421 
245 1 0 |a Dramatický boj so šťastným koncom pre Matej Bardejov  |b 2. kolo extraligy v silovom trojboji, 11.11.2006 Hurbanovo  |c Pavol Kovalčík 
300 |b Fotogr. 
650 0 7 |a vzpieranie  |2 snkbucl  |9 3253 
650 0 7 |a silový trojboj  |2 snkbucl  |9 58231 
650 0 7 |a extraliga  |2 snkbucl  |9 18992 
650 0 7 |a 2. kolo  |2 snkbucl  |9 879640 
773 0 |t Muscular Storm  |g Č. 12 (2006), s. 84-85  |x 1336-6068 
852 |a SNK  |b KIS3GCP 
999 |c 1756068  |d 1757998